| 000 | 00552nam a2200181Ia 4500 | ||
|---|---|---|---|
| 003 | GCL | ||
| 008 | 140319s9999 xx 000 0 ara d | ||
| 040 |
_aGCL / _cGCL |
||
| 082 | 0 | 4 |
_a953.05 _bا ك |
| 100 | 1 | _aاحمد علبى | |
| 245 | 1 | 0 |
_aثورة الزنج وقائدها على بن محمد (255 - 270 هـ \869 - 883 م) / _cاحمد علبى |
| 300 | _a256 ص | ||
| 490 | _a | ||
| 650 | 0 | 4 | _aالتاريخ الاسلامى |
| 650 | 0 | 4 | _aالدولة العباسية |
| 650 | 0 | 4 | _aثورة الزنج (255 - 270 هـ) |
| 942 |
_2ddc _cBK |
||
| 999 |
_c37747 _d37747 |
||